01506 2200301 4500001002100000005001500021035002000036007000300056008004100059020002200100082001100122084002000133100002500153245009900178250002600277300002800303650003300331700001700364264003300381336002100414337003000435338002300465520065200488990001601140990001601156990001601172990001601188INLIS00000000101234520230110090327 a0010-1022000203ta230110 g 0 ind  a978-602-9434-54-5 a371.36 aSR 371.36 DIA a0 aDian Nafiepengarang1 aAnakku terhebat!!! :btips-tips membentuk anak menjadi yang terbaik /cDian Nafi; editor, Qoni aCetakan Pertama, 2022 ax, 102 halaman ;c20 cm 4aMontesori, Metode pendidikan0 aQonieeditor aYogyakarta :bFamilia,c2022 2rdacontentateks 2rdamediaatanpa perantara 2rdacarrieravolume aMengajarkan sikap bersyukur, membiasakan sikap mau melayani, membantu anak membuat pilihan, mengajarkan kerapian dan kebersihan, mengajarkan kejujuran, menciptakan suasana keluarga yang akrab dan masih banyak lagi sikap dan nilai yang bisa diterapkan untuk membentuk kepribadian anak. Agar lebih kreatif dalam membentuk kepribadian anak serta menjadikan anak lebih mudah menirukan teladan yang baik dari orang tua padanya maka buku inilah pilihannya: Dilengkapi dengan: · Menerapkan sikap-sikap positif pada anak · Memberikan keterampilan ringan · Menanamkan nilai-nilai budi pekerti · Tips-tips mudah membentuk kepribadian anak a49595.62415 a49596.62416 a51144.63964 a51145.63965